Kto nedokáže byť k stránkam ľudský, bude na hodinu prepustený !

Bibliographic Details
Main Author: Baláž, Marek (Author)
Corporate Author: Okresný úrad, Spišská Nová Ves (Author)
Format: Article
Language:Slovak
Subjects:

MARC

LEADER 00000nab a2200000 a 4500
001 vtls001018596
003 SK-MaSNL
005 20260303173419.0
008 040720e19990109xo 0 slo
035 |a SN4536 
040 |a SNSK  |b slo  |c SNSK  |e AACR2 
041 0 |a slo 
044 |a xo  |c SK 
080 |a 353  |2 1981 
100 1 |a Baláž, Marek  |4 aut  |9 675980 
245 1 0 |a Kto nedokáže byť k stránkam ľudský, bude na hodinu prepustený ! 
610 2 7 |a Okresný úrad, Spišská Nová Ves  |2 SNSK  |9 1021463 
650 0 7 |a úlohy hlavné  |2 SNSK  |9 1019462 
650 0 7 |a stav súčasný  |2 SNSK  |9 878056 
650 0 7 |a tlačové konferencie  |2 SNSK  |9 71028 
650 0 7 |a informácie  |2 SNSK  |9 1285 
651 7 |a Spišská Nová Ves (Slovensko)  |2 SNSK  |9 28800 
651 7 |a SN,  |2 SNSK  |9 1021277 
655 7 |a periodikum  |2 snkbucl  |9 29553 
710 2 |a Okresný úrad, Spišská Nová Ves  |4 aut  |9 1021463 
773 0 8 |t Korzár  |g Roč. 2, č.6, 9.1.1999, s. 4 
852 |a ZVYKNI  |b KIS3GCP 
999 |c 2092467  |d 2094397